Регионална библиотека "Любен Каравелов" - Русе

Ансамблови пиеси за медни духови инструменти от стари майстори (Запис номер 350152)

MARC детайли
000 -Лидер
Контролно поле с фиксирана дължина 01960ncm a2200409 c 4500
003 - Код на организацията, давaща контролен номер
Контролно поле BLK
005 - Дата и час на последна редакция
Контролно поле 20200612134412.0
008 - Елементи от данни с фиксирана дължина
fixed length control field 180414b bul |a|er|||| |0| c|bulo|
040 ## - Източник на каталожния запис
Идентификатор на билиотеката - собственик на записа BLK
041 ## - Код за език
Код за езика на текст/звукозапис или на отделно заглавие Български
Код за езика КДБФ Български
080 ## - УДК
Текстов определител УДК Музика за духови инструменти
УДК код - определител по УДК 788
УДК - код + определител 788
139 ## - Редно поле
Редна дума Ансамблови пиеси за медни духови инструменти от стари майстори
Авторски знак Анс - А 73
245 10 - Сведения за заглавието
Заглавие Ансамблови пиеси за медни духови инструменти от стари майстори
Подзаглавни данни ХІV - ХVІІ век
Редно поле (дума) състав. и прераб. Стоян Караиванов
Том
257 ## - Страна на издаване
Страна на създаване/издаване България
260 ## - Област на издателските данни
Име на издателя, разпространителя и проч. Музика
Година на издаване 1985
9 (RLIN) 209430
Място на издаване, разпространение и проч. София
300 ## - Физическа характеристика
Страници 86 с.
Размери/Мащаб 33 см
380 ## - Жанр
Жанр Изкуство
505 ## - Форматирана забележка
Авторската отговорност Неизвестен
Заглавие Две дуа за еднородни инструменти
505 ## - Форматирана забележка
Авторската отговорност Орландо ди Ласо
Заглавие Фантазии
505 ## - Форматирана забележка
Авторската отговорност Гиийом де Машо
Заглавие Окет
505 ## - Форматирана забележка
Авторската отговорност Джон Данстейбъл
Заглавие Декламационен мотет
505 ## - Форматирана забележка
Авторската отговорност Андреа Габриели
Заглавие Ричеркар
505 ## - Форматирана забележка
Авторската отговорност Паул Пойрл
Заглавие Сюита
505 ## - Форматирана забележка
Авторската отговорност Михаел Преториус
Заглавие Партита
505 ## - Форматирана забележка
Авторската отговорност Адриано Банкиери
Заглавие Две инструментални пиеси
505 ## - Форматирана забележка
Авторската отговорност Томас Щолтцер
Заглавие Мелодия
505 ## - Форматирана забележка
Авторската отговорност Джовани Пиерлуиджи да Палестрина
Заглавие Мадригал
505 ## - Форматирана забележка
Авторската отговорност Валентин Хаусман
Заглавие Пасамеца с вариации
505 ## - Форматирана забележка
Авторската отговорност Самуел Шайт
Заглавие Канцона
650 #4 - Допълнително описание по предмет – тема
Основно описание – тема или топоним Камерна музика
9 (RLIN) 296115
653 ## - Ключова дума – ненормативна
Ключова дума камерни ансамбли
653 ## - Ключова дума – ненормативна
Ключова дума духови инструменти
653 #0 - Ключова дума – ненормативна
Ключова дума медни инструменти
9 (RLIN) 403051
700 ## - Други автори (авторска отговорност)
9 (RLIN) 389125
Лично име Караиванов, Стоян
Автороска отговорност (Описва отношението между автора и произведението) състав.
852 ## - Местоположение
Форматна сигнатура Цб М II 9966
Систематично-азбучна сигнатура 788/A 73
Фондова буква Хранилище
856 4# - Електронен адрес и достъп
Електронен формат pdf - файл
Път до файла /url/
856 4# - Електронен адрес и достъп
Електронен формат pdf - файл
Път до файла /url/
999 ## - СИСТЕМНИ КОНТРОЛНИ НОМЕРА
Koha biblionumber 350152
Koha biblioitemnumber 350152
942 ## - АРТИКУЛИ
Вид на библиотечния материал Нотни издания
Скрит в OPAC Не
Периодичен библиозапис Да
944 ## - СЪЗДАВАНЕ И РЕДАКЦИЯ на ЗАПИСА
Създаване/Редакция Създаване
Дата на регистрацията/редакция 2020-03-31
Служител, извършил регистрацията/редакцията К.Д.
Наличности
Код за отписване Код за изгубен артикул Източник на класификационната схема Код за повреда Коз за рестрикции Код за отдаване Артикулен № Име на библиотеката - собственик Име на библиотеката, в която се намира в момента Статус (Текущо местоположение) Дата на вписване в системата Местоположение - отдел Цена в лева Инвентарен номер Систематично азбучна сигнатура Баркод Цена в евро Служебен тип на артикула
  Не е изгубен Universal Decimal Classification Не е повреден без рестрикции заемане за дома 757477 Регионална библиотека "Любен Каравелов" Русе Регионална библиотека "Любен Каравелов" Русе Отдел Изкуство - подръчен фонд 2020-04-01 Отдел Изкуство - подръчен фонд 0.00 1105/90 788/А 73 900000001816 0.00 Нотни издания
  Не е изгубен Universal Decimal Classification Не е повреден само за читалня ползва се в читалня 776110 Регионална библиотека "Любен Каравелов" Русе Регионална библиотека "Любен Каравелов" Русе Хранилище 2020-06-12 Хранилище 5.22 434920 Цб М ІІ 9966 900000017349 2.67 Нотни издания
Vip Innovations Ltd, Rousse, Bulgaria 2025